000 00457nam a2200157Ia 4500
008 230312s9999||||xx |||||||||||||| ||und||
020 _a0-7216-5509-2
082 _a790.023
_bKRA-E
100 _aKraus Richard G.
245 0 _aRecreation Leadership and Supervision :
260 _bW.B.Saunders
_aLondon
_c1975
300 _a391
546 _aEng.
650 _amanagement
_vFoundations of Recreation Leadership , Career Development in Recreation
942 _cBK
999 _c133
_d133